Personnages de Street Fighter 1 - Statistiques

Statistiques générales
  • Ce quiz a été pris 176 fois
  • Le résultat moyen est 4 sur 12
Statistiques - réponses
Nationalités Réponses % Correct
Etats-Unis Ken Masters
97%
Japon Ryu
96%
Thaïlande Sagat
59%
Angleterre Birdie
17%
Chine Gen
17%
Thaïlande Adon
16%
Chine Lee
14%
Etats-Unis Mike
14%
Angleterre Eagle
12%
Japon Geki
12%
Japon Retsu
12%
Etats-Unis Joe
11%
Aucun quiz correspondant
Distribution des résultats
% des personnes avec chaque résultat
Percentile par nombre de réponses
Votre historique - résultats
Vous n’avez pas pris ce quiz